000 00749nam a22001937a 4500
999 _c167796
_d167796
005 20220211142736.0
010 _aENG-126499
020 _c759.00
_a9789353432782
035 _aEN-110031
037 _bDBAD/PUB
082 _a515.35
_26th
100 _aEdwards ,C.Henry
245 _aElementary differential equations :
_bWith boundary value problems /
_c By C. Henry Edwards [and] David E.Penney
260 _aChennai
_bPearson India Education Services
_c2019
270 _bChennai
_a4th Floor ,Software Block ,Elnet Software City,TS140 ,Block 2&9 ,Taramani
_e600113
_k080-30461060
_mcompanysecretary.india@pearson.com
_l080-30461003
300 _a 767p.
_c25cm(PBK)
500 _aincludes index
942 _2ddc
_cEN
_h515.35
_mEDW